| Tag |
First Indicator |
Second Indicator |
Subfields |
| LEADER |
00000cam a2200000 i 4500 |
| 001 |
in00000656643 |
| 005 |
20231011105129.0 |
| 008 |
750114s1974 txua b 000 0beng |
| 010 |
|
|
|a 74196046
|
| 019 |
|
|
|a 1002204745
|a 1381943468
|
| 020 |
|
|
|a 0874041015
|
| 020 |
|
|
|a 9780874041019
|
| 029 |
1 |
|
|a AU@
|b 000000353283
|
| 035 |
|
|
|a (OCoLC)ocm01117761
|
| 035 |
|
|
|a (OCoLC)1117761
|z (OCoLC)1002204745
|z (OCoLC)1381943468
|
| 035 |
|
|
|a (OCoLC)ocm01117761
|
| 040 |
|
|
|a DLC
|b eng
|c DLC
|d BAKER
|d BTCTA
|d OCLCG
|d CRU
|d UBY
|d ORZ
|d BDX
|d YDXCP
|d OCLCF
|d OCLCQ
|d TAMSA
|d OCLCQ
|d CPO
|d TXI
|d OCLCQ
|d IL4J6
|d OCLCO
|d DPL
|d TXA
|
| 050 |
0 |
0 |
|a F1232.O854
|b T55
|
| 082 |
0 |
|
|a 976.4/03/0924
|a B
|
| 100 |
1 |
|
|a Timmons, Wilbert H.
|
| 245 |
1 |
0 |
|a Tadeo Ortiz, Mexican colonizer and reformer /
|c by Wilbert H. Timmons ; illustrations by Jose Cisneros.
|
| 260 |
|
|
|a [El Paso] :
|b Texas Western Press,
|c [1974]
|
| 300 |
|
|
|a 82 pages :
|b illustrations ;
|c 23 cm.
|
| 336 |
|
|
|a text
|b txt
|2 rdacontent
|
| 337 |
|
|
|a unmediated
|b n
|2 rdamedia
|
| 338 |
|
|
|a volume
|b nc
|2 rdacarrier
|
| 490 |
1 |
|
|a Southwestern studies ;
|v monograph no. 43
|
| 504 |
|
|
|a Includes bibliographical references.
|
| 505 |
0 |
|
|a The young revolutionary -- Ortiz' resumen -- The problem of Texas -- Tehuantepec -- Surveying the Isthmus -- Colonizing the Coatzacoalcos -- The French empresarios -- The failure of the project -- Anglo-American Texas -- Ortiz' ideas about Texas -- The need for action -- Ortiz and his Mexico -- Political principles -- Education and welfare -- His view of the arts and sciences -- His humanitarian views -- Economic policies -- The national capital -- Ortiz and Texas -- His last assignment -- Death of Ortiz -- An appraisal.
|
| 520 |
|
|
|a Biography of Simón Tadeo Ortiz de Ayala, Mexican colonizer and writer who fought for Mexican independence from Spain and for secure borders with the United States.
|
| 600 |
1 |
0 |
|a Ortiz, Tadeo,
|d 1788-1833.
|
| 600 |
1 |
7 |
|a Ortiz, Tadeo,
|d 1788-1833.
|2 fast
|0 (OCoLC)fst00096687
|
| 600 |
1 |
7 |
|a Ortiz, Tadeo,
|d 1788-1833.
|2 nli
|
| 710 |
2 |
|
|a James H. Sutton Jr. and Sylvia Leal Carvajal Collection.
|5 TxSaTAM
|
| 776 |
0 |
8 |
|i Online version:
|a Timmons, Wilbert H.
|t Tadeo Ortiz, Mexican colonizer and reformer.
|d [El Paso] : Texas Western Press, [1974]
|w (OCoLC)655366322
|
| 830 |
|
0 |
|a Southwestern studies (El Paso, Tex.) ;
|v monograph no. 43.
|
| 938 |
|
|
|a Baker & Taylor
|b BKTY
|c 7.50
|d 12.45
|i 0874041015
|n 0001438789
|s active
|
| 938 |
|
|
|a Brodart
|b BROD
|n 28709810
|c $7.50
|
| 938 |
|
|
|a Baker and Taylor
|b BTCP
|n 74196046 //r883
|c $3.00
|
| 938 |
|
|
|a YBP Library Services
|b YANK
|n 7866421
|
| 948 |
|
|
|h HELD BY TXA - 242 OTHER HOLDINGS
|
| 994 |
|
|
|a Z0
|b TXA
|
| 999 |
f |
f |
|s df202001-ae8b-38e4-a51f-20fa32b1fa89
|i 7d0ebb98-5adb-3733-86d3-3da510a17eb6
|t 0
|
| 952 |
f |
f |
|p noncirc
|a Texas A&M University
|b College Station
|c Cushing Memorial Library & Archives
|s cush kels
|d Cushing: Kelsey Americana (Does not check out)
|t 0
|e F1232.O854 T55
|h Library of Congress classification
|i unmediated -- volume
|
| 952 |
f |
f |
|p ric
|a Texas A&M University
|b Rellis Campus
|c Joint Library Facility
|s JLF
|d Remote Storage
|t 0
|e F1232.O854 T55
|h Library of Congress classification
|i unmediated -- volume
|m A14802341158
|
| 952 |
f |
f |
|p noncirc
|a Texas A&M University
|b College Station
|c Cushing Memorial Library & Archives
|s cush dyks
|d Cushing: Dykes (Does not check out)
|t 0
|e F1232.O854 T55
|h Library of Congress classification
|i unmediated -- volume
|m A1485311985C
|